Missing Word: Best Selling Authors Quiz Stats

 Plays Quiz Updated Mar 5, 2016

Challenge
Share
Tweet
Embed
Score 0/20 Timer 02:00
2 Plays Today
Author Missing Word % Correct
James PattersonBad
92%
Stephen KingGreen
90.6%
James PattersonMice
83.4%
John GrishamBrief
83%
Stephen KingPet
82.7%
John GrishamKill
77.1%
James PattersonSpider
74.2%
James PattersonRun
70.6%
Stephen KingLot
69.6%
Michael CrichtonJurassic
69.4%
Author Missing Word % Correct
Michael CrichtonStrain
62.2%
John GrishamJury
60.8%
James PattersonKiss
57.6%
Stephen KingZone
39%
John GrishamKing
38.2%
Stephen KingClaiborne
36.3%
John GrishamLast
30.3%
Michael CrichtonRising
29%
Michael CrichtonDead
18.9%
Michael CrichtonFear
9.2%

Today's Daily Dose

You're not logged in!

Compare scores with friends on all Sporcle quizzes.
OR
Log In

You Might Also Like...

Show Comments

Extras

Top Quizzes Today


Score Distribution

Your Account Isn't Verified!

In order to create a playlist on Sporcle, you need to verify the email address you used during registration. Go to your Sporcle Settings to finish the process.

Report this User

Report this user for behavior that violates our Community Guidelines.

Details: